[Event "Chess.com Bullet op2"]
[Site "Chess.com INT"]
[Date "2020.12.19"]
[Round "8"]
[White "Kabanova, Ekaterina"]
[Black "Toloza Soto, Pablo Alejandro"]
[Result "1-0"]
[WhiteElo "2138"]
[BlackElo "2271"]
[PlyCount "83"]
[EventDate "2020.12.19"]
[EventType "swiss (blitz)"]
[EventRounds "21"]
[EventCountry "USA"]
[SourceTitle "EXT 2022"]
[Source "ChessBase"]
[SourceDate "2021.10.06"]
[SourceVersion "1"]
[SourceVersionDate "2021.10.06"]
[SourceQuality "1"]

1. c4 d6 2. e3 c5 3. a3 Nc6 4. Qc2 Nf6 5. d3 g6 6. Nd2 Bg7 7. Be2 0-0 8. Rb1 a6 9. b4 Rb8 10. b5 axb5 11. Rxb5 b6 12. Ngf3 Bd7 13. Rb1 Ra8 14. Bb2 Ne8 15. h4 Bxb2 16. Qxb2 Ra6 17. h5 Nf6 18. hxg6 fxg6 19. Ng5 e6 20. Nde4 Nxe4 21. Nxe4 Qe7 22. f4 Rfa8 23. Ng5 Qg7 24. Qc2 h6 25. Nf3 Rxa3 26. d4 Ra1 27. Kf2 Rxb1 28. Rxb1 cxd4 29. Rxb6 dxe3+ 30. Kxe3 Ra3+ 31. Kf2 Nd4 32. Qb1 Nxf3 33. Bxf3 Ra8 34. Kg3 Rf8 35. Rb7 Rf7 36. Qc1 e5 37. fxe5 Qxe5+ 38. Kf2 Qc5+ 39. Kg3 Qe5+ 40. Kf2 Bc6 41. Rxf7 Kxf7 42. Qe3 1-0

[Event "Chess.com Bullet op2"]
[Site "Chess.com INT"]
[Date "2020.12.19"]
[Round "1"]
[White "Toloza Soto, Pablo Alejandro"]
[Black "Oganian, Miran"]
[Result "0-1"]
[WhiteElo "2271"]
[BlackElo "2441"]
[PlyCount "88"]
[EventDate "2020.12.19"]
[EventType "swiss (blitz)"]
[EventRounds "21"]
[EventCountry "USA"]
[SourceTitle "EXT 2022"]
[Source "ChessBase"]
[SourceDate "2021.10.06"]
[SourceVersion "1"]
[SourceVersionDate "2021.10.06"]
[SourceQuality "1"]

1. e3 c5 2. c4 Nf6 3. Nf3 e6 4. d4 Be7 5. d5 exd5 6. cxd5 d6 7. Nc3 0-0 8. h3 g6 9. e4 Re8 10. Bb5 Bd7 11. Bxd7 Nbxd7 12. a4 Bf8 13. Qe2 Nxe4 14. Nxe4 f5 15. Nfg5 fxe4 16. Ne6 Qe7 17. 0-0 Ne5 18. Qxe4 Bg7 19. f4 Nf7 20. Bd2 b6 21. Bc3 Bxc3 22. bxc3 Qf6 23. Qf3 Re7 24. c4 Rae8 25. f5 g5 26. Qg3 h6 27. Rae1 Kh7 28. h4 g4 29. h5 Ne5 30. Rxe5 dxe5 31. Re1 Qxf5 32. Rxe5 Qf6 33. Qd3+ Kh8 34. Rf5 Qa1+ 35. Kh2 g3+ 36. Qxg3 Rg8 37. Qf4 Rh7 38. Re5 Qb2 39. Qf6+ Rhg7 40. Qxh6+ Rh7 41. Qf6+ Rgg7 42. Rg5 Qxf6 43. Rxg7 Qf4+ 44. Nxf4 Rxh5+ 0-1

[Event "Chess.com Bullet op2"]
[Site "Chess.com INT"]
[Date "2020.12.19"]
[Round "5"]
[White "Toloza Soto, Pablo Alejandro"]
[Black "Silva, Kaua Marques"]
[Result "0-1"]
[WhiteElo "2271"]
[BlackElo "2121"]
[PlyCount "88"]
[EventDate "2020.12.19"]
[EventType "swiss (blitz)"]
[EventRounds "21"]
[EventCountry "USA"]
[SourceTitle "EXT 2022"]
[Source "ChessBase"]
[SourceDate "2021.10.06"]
[SourceVersion "1"]
[SourceVersionDate "2021.10.06"]
[SourceQuality "1"]

1. e3 c5 2. c4 Nc6 3. Nf3 d6 4. d4 cxd4 5. exd4 Nf6 6. d5 Nb8 7. Nd4 g6 8. Be2 Bg7 9. 0-0 0-0 10. Be3 Nbd7 11. Nc3 Ne5 12. Rc1 Qc7 13. b3 a6 14. h3 b6 15. Re1 Bb7 16. Qd2 Rac8 17. f4 Rfd8 18. fxe5 dxe5 19. Nf3 Qb8 20. Bxb6 Rd6 21. c5 Rd7 22. d6 exd6 23. cxd6 Rxd6 24. Qe3 Bxf3 25. Bxf3 Rxb6 26. Nd5 Nxd5 27. Bxd5 Rd6 28. Rcd1 Rcd8 29. Qf3 Qa7+ 30. Kh1 h5 31. Rd3 Kh7 32. Red1 Qc7 33. Bc4 Rxd3 34. Bxd3 Kg8 35. Rf1 Qe7 36. Bc4 Rd7 37. Qe4 Kh7 38. Rxf7 Qd6 39. Rf1 Qd4 40. Qf3 e4 41. Qg3 e3 42. Re1 Re7 43. Re2 Qd1+ 44. Qe1 Qxe2 0-1

[Event "CHI-ch"]
[Site "Iquique"]
[Date "2013.02.21"]
[Round "9"]
[White "Henriquez Villagra, Cristobal"]
[Black "Toloza Soto, Pablo Alejandro"]
[Result "1-0"]
[WhiteElo "2306"]
[BlackElo "2291"]
[PlyCount "83"]
[EventDate "2013.02.14"]
[EventType "tourn"]
[EventRounds "11"]
[EventCountry "CHI"]
[EventCategory "2"]
[SourceTitle "CBM 153 Extra"]
[Source "ChessBase"]
[SourceDate "2013.04.22"]
[SourceVersion "1"]
[SourceVersionDate "2013.04.22"]
[SourceQuality "1"]

1. e4 e5 2. Nc3 Nf6 3. g3 d5 4. exd5 Nxd5 5. Bg2 Nxc3 6. bxc3 Nc6 7. d3 Bd6 8. Nf3 0-0 9. 0-0 Bd7 10. Re1 Qf6 11. Nd2 Qg6 12. Nc4 Bg4 13. Qd2 Qh5 14. Qg5 Qxg5 15. Bxg5 f6 16. Nxd6 cxd6 17. Bd5+ Kh8 18. Be3 Rac8 19. Reb1 b6 20. Bd2 Ne7 21. Bg2 d5 22. a4 Bd7 23. f4 Bc6 24. a5 b5 25. a6 Rc7 26. d4 e4 27. Bf1 Rb8 28. Rb4 Nf5 29. Rab1 Nd6 30. f5 Rb6 31. Bf4 Bd7 32. Bxb5 Bxb5 33. Bxd6 Rxd6 34. Rxb5 h5 35. Rb8+ Kh7 36. Ra8 Rxa6 37. Rbb8 g5 38. Rh8+ Kg7 39. Rxh5 Rxc3 40. Rah8 Ra1+ 41. Kg2 Rxc2+ 42. Kh3 1-0

[Event "CHI-ch"]
[Site "Iquique"]
[Date "2013.02.20"]
[Round "8"]
[White "Toloza Soto, Pablo Alejandro"]
[Black "Avalos Parra, Joao"]
[Result "1-0"]
[WhiteElo "2291"]
[BlackElo "2181"]
[PlyCount "57"]
[EventDate "2013.02.14"]
[EventType "tourn"]
[EventRounds "11"]
[EventCountry "CHI"]
[EventCategory "2"]
[SourceTitle "CBM 153 Extra"]
[Source "ChessBase"]
[SourceDate "2013.04.22"]
[SourceVersion "1"]
[SourceVersionDate "2013.04.22"]
[SourceQuality "1"]

1. Nf3 d5 2. c4 d4 3. b4 f6 4. e3 e5 5. a3 c5 6. exd4 cxd4 7. d3 a5 8. b5 Nd7 9. Nbd2 Nc5 10. Nb3 Ne6 11. Be2 Bd6 12. 0-0 Ne7 13. a4 b6 14. Nfd2 f5 15. Bf3 Ra7 16. Re1 0-0 17. Ba3 Bxa3 18. Rxa3 Ng6 19. c5 bxc5 20. Nc4 e4 21. dxe4 fxe4 22. Bxe4 Ng5 23. b6 Raf7 24. Nxc5 Nh3+ 25. Rxh3 Bxh3 26. Qb3 Qg5 27. Nd6 Bxg2 28. Nxf7 Rxf7 29. Bxg2 1-0

[Event "CHI-ch"]
[Site "Iquique"]
[Date "2013.02.15"]
[Round "2"]
[White "Lopez Silva, Hugo Andres"]
[Black "Toloza Soto, Pablo Alejandro"]
[Result "1/2-1/2"]
[WhiteElo "2403"]
[BlackElo "2291"]
[PlyCount "103"]
[EventDate "2013.02.14"]
[EventType "tourn"]
[EventRounds "11"]
[EventCountry "CHI"]
[EventCategory "2"]
[SourceTitle "CBM 153 Extra"]
[Source "ChessBase"]
[SourceDate "2013.04.22"]
[SourceVersion "1"]
[SourceVersionDate "2013.04.22"]
[SourceQuality "1"]

1. e4 d6 2. d4 Nf6 3. Nc3 g6 4. Nf3 Bg7 5. Be2 0-0 6. 0-0 a6 7. Re1 Nc6 8. d5 Na7 9. a4 e5 10. dxe6 Bxe6 11. Ng5 Bd7 12. Bc4 Nc6 13. h3 h6 14. Nf3 Re8 15. Bf4 Ne5 16. Bf1 Nxf3+ 17. Qxf3 Bc6 18. Bc4 Rf8 19. Rad1 Nd7 20. Qg3 Kh7 21. h4 Ne5 22. Bb3 Qd7 23. Nd5 Rae8 24. c3 Qd8 25. Bc1 Nd7 26. Bc2 Bxd5 27. Rxd5 Nf6 28. Rdd1 Qc8 29. f3 Qe6 30. Qf2 Qc4 31. Rd4 Qc6 32. Red1 Nd7 33. Rd5 Nb6 34. R5d3 Nxa4 35. h5 Nc5 36. Rd5 Re6 37. hxg6+ fxg6 38. Qh4 Qe8 39. Qh3 Re5 40. Be3 Rxd5 41. Rxd5 Na4 42. Bc1 Nb6 43. Rg5 Rf6 44. Rg4 Qe6 45. f4 Kg8 46. Qg3 Qf7 47. e5 dxe5 48. Bxg6 Qd7 49. Kh2 exf4 50. Bxf4 Nd5 51. Be3 Nxe3 52. Qxe3 1/2-1/2

[Event "CHI-chT"]
[Site "Santiago de Chile"]
[Date "2012.12.11"]
[Round "6"]
[White "Perez Gormaz, Matias Ariel"]
[Black "Toloza Soto, Pablo Alejandro"]
[Result "1-0"]
[WhiteElo "2264"]
[BlackElo "2291"]
[PlyCount "63"]
[EventDate "2012.11.22"]
[EventType "team-tourn"]
[EventRounds "9"]
[EventCountry "CHI"]
[SourceTitle "EXT 2014"]
[Source "ChessBase"]
[SourceDate "2013.11.20"]
[SourceVersion "1"]
[SourceVersionDate "2013.11.20"]
[SourceQuality "1"]

1. e4 e5 2. Nf3 Nc6 3. Bc4 Nf6 4. d3 Be7 5. c3 0-0 6. 0-0 d6 7. Bb3 Na5 8. Bc2 c5 9. h3 b5 10. Nbd2 a6 11. Re1 Re8 12. Nf1 Bf8 13. Ng3 g6 14. d4 cxd4 15. cxd4 Bb7 16. d5 Rc8 17. b3 Nd7 18. Bd2 Ba8 19. a4 Nb7 20. axb5 axb5 21. Bd3 Nbc5 22. Bxb5 Rb8 23. Bc4 Nb6 24. Bf1 f5 25. exf5 Bxd5 26. fxg6 Bxb3 27. Qb1 Qd7 28. Nh5 Nd5 29. Ng5 hxg6 30. Qxg6+ Bg7 31. Ra3 Nb6 32. Nf6+ 1-0

[Event "CHI-chT"]
[Site "Santiago de Chile"]
[Date "2012.11.30"]
[Round "3"]
[White "Cuevas Pardo, Christian Marcelo"]
[Black "Toloza Soto, Pablo Alejandro"]
[Result "0-1"]
[WhiteElo "2033"]
[BlackElo "2291"]
[PlyCount "62"]
[EventDate "2012.11.22"]
[EventType "team-tourn"]
[EventRounds "9"]
[EventCountry "CHI"]
[SourceTitle "EXT 2014"]
[Source "ChessBase"]
[SourceDate "2013.11.20"]
[SourceVersion "1"]
[SourceVersionDate "2013.11.20"]
[SourceQuality "1"]

1. d4 Nf6 2. Bg5 Ne4 3. Bf4 c5 4. f3 Qa5+ 5. c3 Nf6 6. d5 d6 7. e4 Nbd7 8. Na3 a6 9. Nc4 Qc7 10. a4 b6 11. Ne2 g6 12. Ng3 Bg7 13. Be2 Bb7 14. 0-0 0-0 15. Qd2 Rfd8 16. Rfd1 Ne8 17. Bh6 Bh8 18. Nf1 Rab8 19. Nfe3 b5 20. axb5 axb5 21. Na3 Ba6 22. Nac4 Ra8 23. Na5 Bb7 24. Nc6 Bxc6 25. dxc6 Qxc6 26. Nd5 Bf6 27. Qf4 Rxa1 28. Rxa1 Qb7 29. Ra5 c4 30. Rxb5 Qxb5 31. Qxf6 Ndxf6 0-1

[Event "CHI-chT"]
[Site "Santiago de Chile"]
[Date "2012.11.22"]
[Round "1"]
[White "Jorquera Alfaro, Mauricio"]
[Black "Toloza Soto, Pablo Alejandro"]
[Result "0-1"]
[WhiteElo "2022"]
[BlackElo "2291"]
[PlyCount "103"]
[EventDate "2012.11.22"]
[EventType "team-tourn"]
[EventRounds "9"]
[EventCountry "CHI"]
[SourceTitle "EXT 2014"]
[Source "ChessBase"]
[SourceDate "2013.11.20"]
[SourceVersion "1"]
[SourceVersionDate "2013.11.20"]
[SourceQuality "1"]

1. d4 Nf6 2. c4 c5 3. Nf3 cxd4 4. Nxd4 e6 5. Nc3 Bb4 6. Bd2 0-0 7. Nc2 Be7 8. e4 d6 9. Be2 Nbd7 10. 0-0 a6 11. f3 b6 12. Rc1 Bb7 13. Bf4 Ne5 14. Qd2 Rc8 15. b3 Qc7 16. Nd4 Rfd8 17. Rfd1 Kh8 18. Qe1 Rg8 19. Be3 g5 20. g4 Nfd7 21. Qf2 Ng6 22. Bf1 Rb8 23. Nd5 exd5 24. cxd5 Qd8 25. Nc6 Qf8 26. Nxb8 Qxb8 27. Bxb6 Nxb6 28. Qxb6 Bd8 29. Qd4+ Ne5 30. Kg2 a5 31. Bb5 Bc8 32. a4 Bb6 33. Qd2 Qa7 34. Qe1 h5 35. gxh5 f5 36. Qe2 fxe4 37. Qxe4 Rf8 38. Rxc8 Rxc8 39. Qf5 Rd8 40. Rc1 Qe7 41. Rc8 Rxc8 42. Qxc8+ Bd8 43. b4 axb4 44. a5 Kg7 45. a6 Bb6 46. h6+ Kxh6 47. Qh8+ Kg6 48. Be8+ Nf7 49. Qg8+ Kf6 50. Bxf7 Qxf7 51. Qb8 Bc5 52. h4 0-1

[Event "Buenos Aires Duarte Memorial"]
[Site "Buenos Aires"]
[Date "2010.12.13"]
[Round "3"]
[White "Liascovich, Lucas Agustin"]
[Black "Toloza Soto, Pablo Alejandro"]
[Result "1-0"]
[WhiteElo "2437"]
[BlackElo "2327"]
[PlyCount "85"]
[EventDate "2010.12.10"]
[EventType "tourn"]
[EventRounds "9"]
[EventCountry "ARG"]
[EventCategory "3"]
[SourceTitle "CBM 139 Extra"]
[Source "ChessBase"]
[SourceDate "2011.01.05"]
[SourceVersion "1"]
[SourceVersionDate "2011.01.05"]
[SourceQuality "1"]

1. d4 Nf6 2. c4 c5 3. d5 b5 4. Nf3 bxc4 5. Nc3 d6 6. e4 Nbd7 7. Bxc4 g6 8. 0-0 Bg7 9. Re1 0-0 10. h3 Nb6 11. Bb5 Nfd7 12. Bf4 Rb8 13. a4 Na8 14. Qd2 a6 15. Bc6 f6 16. a5 Nc7 17. Re2 Ne5 18. Nxe5 fxe5 19. Bg5 Rf7 20. Be3 Bd7 21. Bxd7 Qxd7 22. Na4 Rb4 23. Nb6 Qb5 24. f3 Rf8 25. Qc2 Na8 26. Na4 Rb8 27. Rf2 Rb3 28. Bd2 Nc7 29. Ra2 e6 30. Nb6 exd5 31. exd5 Qd3 32. Bc3 Qb5 33. f4 exf4 34. Bxg7 Kxg7 35. Qe4 Qe8 36. Qxf4 Qe7 37. Ra4 Re3 38. Nc4 Re4 39. Qg3 Rd8 40. Kh2 Nxd5 41. Nxd6 Rxd6 42. Rxe4 Nb4 43. Rxe7+ 1-0

[Event "Buenos Aires Duarte Memorial"]
[Site "Buenos Aires"]
[Date "2010.12.10"]
[Round "9"]
[White "Tempone, Marcelo"]
[Black "Toloza Soto, Pablo Alejandro"]
[Result "1/2-1/2"]
[WhiteElo "2416"]
[BlackElo "2327"]
[PlyCount "25"]
[EventDate "2010.12.10"]
[EventType "tourn"]
[EventRounds "9"]
[EventCountry "ARG"]
[EventCategory "3"]
[SourceTitle "CBM 139 Extra"]
[Source "ChessBase"]
[SourceDate "2011.01.05"]
[SourceVersion "1"]
[SourceVersionDate "2011.01.05"]
[SourceQuality "1"]

1. Nf3 Nf6 2. c4 g6 3. g3 Bg7 4. Bg2 d6 5. 0-0 0-0 6. Nc3 e5 7. d3 Nc6 8. Rb1 a5 9. a3 h6 10. b4 axb4 11. axb4 Be6 12. b5 Ne7 13. Bb2 1/2-1/2

[Event "Callao op"]
[Site "Callao"]
[Date "2007.08.11"]
[Round "4"]
[White "Toloza Soto, Pablo Alejandro"]
[Black "Cordova, Emilio"]
[Result "0-1"]
[WhiteElo "2340"]
[BlackElo "2492"]
[PlyCount "103"]
[EventDate "2007.08.08"]
[EventType "swiss"]
[EventRounds "9"]
[EventCountry "PER"]
[SourceTitle "CBM 119 Extra"]
[Source "ChessBase"]
[SourceDate "2007.09.04"]
[SourceVersion "1"]
[SourceVersionDate "2007.09.04"]
[SourceQuality "1"]

1. Nf3 Nf6 2. g3 d5 3. Bg2 c6 4. b3 Bf5 5. Bb2 h6 6. 0-0 e6 7. d3 Be7 8. Nbd2 0-0 9. Ne5 Bh7 10. Ndf3 a5 11. a3 Na6 12. c4 Rc8 13. Qc2 Ne8 14. Nd4 Bc5 15. cxd5 cxd5 16. Qd2 Qb6 17. Nd7 Qd8 18. Nxf8 Bxf8 19. Rfc1 Ra8 20. Bc3 Qb6 21. Nf3 Nac7 22. a4 Bc5 23. e3 f6 24. Bf1 Bg6 25. Qb2 Na6 26. Bd4 e5 27. Bxc5 Nxc5 28. Qc3 Ne6 29. Rab1 Bh5 30. Nd2 d4 31. Nc4 Qd8 32. Qe1 dxe3 33. Qxe3 Nd4 34. Rb2 Rb8 35. b4 axb4 36. Rxb4 Nc7 37. Nb6 Na6 38. Rb2 Qd6 39. a5 Nc5 40. Nc4 Qe7 41. Bg2 Rd8 42. Nb6 Bf7 43. f4 Ncb3 44. Re1 Qa3 45. Rf2 exf4 46. Rxf4 Qxa5 47. Nc4 Qb4 48. Qe7 Qxe7 49. Rxe7 b5 50. Nb6 Nc1 51. Bf1 b4 52. Nd7 0-1

[Event "American Continental 03rd"]
[Site "Buenos Aires"]
[Date "2005.08.13"]
[Round "8"]
[White "Tristan, Leonardo"]
[Black "Toloza Soto, Pablo Alejandro"]
[Result "1-0"]
[WhiteElo "2225"]
[BlackElo "2349"]
[PlyCount "109"]
[EventDate "2005.08.06"]
[EventType "swiss"]
[EventRounds "11"]
[EventCountry "ARG"]
[SourceTitle "CBM 107 Extra"]
[Source "ChessBase"]
[SourceDate "2005.09.01"]
[SourceVersion "1"]
[SourceVersionDate "2005.09.01"]
[SourceQuality "1"]

1. e4 d6 2. d4 Nf6 3. Nc3 e5 4. Nge2 c6 5. f3 Nbd7 6. Be3 b5 7. Qd2 h5 8. 0-0-0 a6 9. Ng3 g6 10. dxe5 dxe5 11. f4 Ng4 12. Kb1 Nxe3 13. Qxe3 Bh6 14. Nge2 exf4 15. Nxf4 Qc7 16. g3 0-0 17. Bh3 Ne5 18. Qc5 Bxh3 19. Ncd5 Qb8 20. Ne7+ Kh7 21. Nxh3 Re8 22. Rhf1 Qa7 23. Qxe5 Qxe7 24. Qc3 Rac8 25. Qb3 Rc7 26. Rf2 Qe6 27. Qxe6 Rxe6 28. Re1 Rd7 29. c3 Bg7 30. Kc2 h4 31. Nf4 Rf6 32. Ref1 hxg3 33. hxg3 Kg8 34. Nd3 Rxf2+ 35. Rxf2 Bf8 36. Rf6 Rc7 37. Nb4 Bxb4 38. cxb4 c5 39. Rxa6 cxb4+ 40. Kb3 Rc4 41. Rb6 Rxe4 42. Rxb5 Rg4 43. Rxb4 Rxg3+ 44. Kc2 Rg1 45. a4 Ra1 46. b3 g5 47. Kb2 Re1 48. a5 Re8 49. a6 Kg7 50. Kc3 Kf6 51. a7 Ra8 52. Rb7 Ke6 53. b4 g4 54. Kd4 g3 55. Ke3 1-0

[Event "American Continental 03rd"]
[Site "Buenos Aires"]
[Date "2005.08.12"]
[Round "7"]
[White "Toloza Soto, Pablo Alejandro"]
[Black "Sorin, Ariel"]
[Result "0-1"]
[WhiteElo "2349"]
[BlackElo "2496"]
[PlyCount "60"]
[EventDate "2005.08.06"]
[EventType "swiss"]
[EventRounds "11"]
[EventCountry "ARG"]
[SourceTitle "CBM 109"]
[Source "ChessBase"]
[SourceDate "2005.11.14"]
[SourceVersion "1"]
[SourceVersionDate "2005.11.14"]
[SourceQuality "1"]

1. d4 Nf6 2. c4 g6 3. Nc3 Bg7 4. e4 d6 5. f4 0-0 6. Nf3 c5 7. d5 a6 8. Bd3 b5 9. cxb5 axb5 10. Nxb5 Ba6 11. Nc3 Qb6 12. h3 Nbd7 13. Rb1 e6 14. Bxa6 Rxa6 15. dxe6 fxe6 16. 0-0 Nh5 17. Ne2 Qc6 18. Ng5 Re8 19. f5 exf5 20. exf5 gxf5 21. Qd3 c4 22. Qxf5 Qc5+ 23. Qxc5 Nxc5 24. Nc3 Nd3 25. Bd2 Ng3 26. Rf3 Ne2+ 27. Kh2 Be5+ 28. Kh1 Ng3+ 29. Kg1 Ra7 30. Nge4 Nxe4 0-1

[Event "American Continental 03rd"]
[Site "Buenos Aires"]
[Date "2005.08.08"]
[Round "3"]
[White "Toloza Soto, Pablo Alejandro"]
[Black "Alonso, Salvador"]
[Result "0-1"]
[WhiteElo "2349"]
[BlackElo "2457"]
[PlyCount "66"]
[EventDate "2005.08.06"]
[EventType "swiss"]
[EventRounds "11"]
[EventCountry "ARG"]
[SourceTitle "CBM 109"]
[Source "ChessBase"]
[SourceDate "2005.11.14"]
[SourceVersion "1"]
[SourceVersionDate "2005.11.14"]
[SourceQuality "1"]

1. d4 d5 2. c4 c6 3. Nc3 Nf6 4. e3 a6 5. Nf3 b5 6. b3 Bg4 7. Be2 e6 8. 0-0 Nbd7 9. Bd2 Bd6 10. Qc2 Bf5 11. Bd3 Bxd3 12. Qxd3 0-0 13. e4 dxc4 14. bxc4 e5 15. Bg5 exd4 16. Qxd4 Bc5 17. Qd3 Qe7 18. Bxf6 Nxf6 19. e5 Nd7 20. Qe4 Rfc8 21. Rad1 Nf8 22. Ne2 Ng6 23. Ng3 Qe6 24. Nf5 Re8 25. cxb5 cxb5 26. Rd5 Rac8 27. Ng5 Qc6 28. Qd3 h6 29. Nh3 Rxe5 30. Rd7 Rce8 31. g3 Re1 32. Ne3 Rxf1+ 33. Nxf1 Ne5 0-1

[Event "American Continental 03rd"]
[Site "Buenos Aires"]
[Date "2005.08.07"]
[Round "2"]
[White "Toloza Soto, Pablo Alejandro"]
[Black "Nogueiras Santiago, Jesus"]
[Result "1/2-1/2"]
[WhiteElo "2349"]
[BlackElo "2541"]
[PlyCount "27"]
[EventDate "2005.08.06"]
[EventType "swiss"]
[EventRounds "11"]
[EventCountry "ARG"]
[SourceTitle "CBM 109"]
[Source "ChessBase"]
[SourceDate "2005.11.14"]
[SourceVersion "1"]
[SourceVersionDate "2005.11.14"]
[SourceQuality "1"]

1. d4 Nf6 2. c4 e6 3. Nf3 Bb4+ 4. Bd2 c5 5. Bxb4 cxb4 6. a3 Nc6 7. e3 0-0 8. Bd3 d6 9. 0-0 bxa3 10. Rxa3 e5 11. Nc3 Re8 12. dxe5 dxe5 13. Ne4 Be6 14. Nfg5 1/2-1/2

[Event "CHI-ch"]
[Site "Santiago de Chile"]
[Date "2004.02.16"]
[Round "9.7"]
[White "Toloza Soto, Pablo Alejandro"]
[Black "Velasquez Ojeda, Cesar"]
[Result "1-0"]
[WhiteElo "2347"]
[BlackElo "2359"]
[PlyCount "93"]
[EventDate "2004.02.09"]
[EventType "swiss"]
[EventRounds "11"]
[EventCountry "CHI"]
[SourceTitle "CBM 098 Extra"]
[Source "ChessBase"]
[SourceDate "2004.03.10"]
[SourceVersion "2"]
[SourceVersionDate "2004.03.10"]
[SourceQuality "1"]

1. Nf3 c5 2. c4 g6 3. d4 Bg7 4. e4 Nc6 5. dxc5 Qa5+ 6. Bd2 Qxc5 7. Bc3 Nf6 8. Bd3 d6 9. 0-0 0-0 10. Nbd2 Bg4 11. h3 Bxf3 12. Nxf3 Nh5 13. Rc1 Bxc3 14. Rxc3 Ne5 15. Be2 Nf4 16. Qd2 Nxf3+ 17. Rxf3 Nxe2+ 18. Qxe2 Rac8 19. b3 a6 20. Rd1 Qe5 21. Rd5 Qa1+ 22. Kh2 Rc5 23. Rxc5 dxc5 24. Rd3 Qe5+ 25. g3 f5 26. f4 Qxe4 27. Re3 Qd4 28. Rxe7 Rf7 29. Re5 Rd7 30. Rxc5 Re7 31. Re5 Rxe5 32. fxe5 Kf7 33. Qg2 Qe4 34. Qxe4 fxe4 35. Kg2 Ke6 36. Kf2 a5 37. Ke3 Kxe5 38. a3 h5 39. g4 hxg4 40. hxg4 b6 41. b4 axb4 42. axb4 g5 43. b5 Kd6 44. Kxe4 Ke6 45. Kd4 Kd6 46. c5+ bxc5+ 47. Kc4 1-0

[Event "CHI-ch"]
[Site "Santiago de Chile"]
[Date "2004.02.13"]
[Round "5.11"]
[White "Toloza Soto, Pablo Alejandro"]
[Black "Cuevas Araya, Walter"]
[Result "1-0"]
[WhiteElo "2347"]
[BlackElo "2180"]
[PlyCount "41"]
[EventDate "2004.02.09"]
[EventType "swiss"]
[EventRounds "11"]
[EventCountry "CHI"]
[SourceTitle "CBM 098 Extra"]
[Source "ChessBase"]
[SourceDate "2004.03.10"]
[SourceVersion "2"]
[SourceVersionDate "2004.03.10"]
[SourceQuality "1"]

1. d4 Nf6 2. c4 g6 3. Nc3 Bg7 4. Nf3 d6 5. g3 0-0 6. Bg2 Nbd7 7. 0-0 c6 8. e4 e5 9. h3 Qc7 10. Be3 Nh5 11. Qe2 Re8 12. Rfd1 h6 13. Rd2 Ndf6 14. c5 exd4 15. cxd6 Qa5 16. Nxd4 g5 17. Nb3 Qe5 18. Bd4 Qe6 19. d7 Bxd7 20. Nc5 Qe7 21. Nxd7 1-0

[Event "Arequipa Cup"]
[Site "Arequipa"]
[Date "2003.12.06"]
[Round "4"]
[White "Granda Zuniga, Julio E"]
[Black "Toloza Soto, Pablo Alejandro"]
[Result "1-0"]
[WhiteElo "2623"]
[BlackElo "2347"]
[PlyCount "57"]
[EventDate "2003.12.06"]
[EventType "swiss"]
[EventRounds "9"]
[EventCountry "PER"]
[SourceTitle "EXT 2005"]
[Source "ChessBase"]
[SourceDate "2004.11.15"]
[SourceVersion "1"]
[SourceVersionDate "2004.11.15"]
[SourceQuality "1"]

1. d4 Nf6 2. c4 e6 3. Nc3 c5 4. d5 d6 5. dxe6 Bxe6 6. e4 Nc6 7. Nf3 Be7 8. Be2 0-0 9. 0-0 h6 10. h3 Re8 11. Bf4 Bf8 12. Re1 a6 13. Bf1 Qb6 14. Rb1 Rad8 15. a3 Ne5 16. Nd2 g6 17. b4 cxb4 18. Rxb4 Qc7 19. Nd5 Nxd5 20. cxd5 Bc8 21. Qb1 Bg7 22. Rc1 Qe7 23. Rb6 h5 24. Qb3 g5 25. Bh2 g4 26. Qe3 Qf6 27. Bf4 Qg6 28. h4 Bf6 29. Qg3 1-0

[Event "Arequipa Cup"]
[Site "Arequipa"]
[Date "2003.12.06"]
[Round "3"]
[White "Toloza Soto, Pablo Alejandro"]
[Black "Canaza, Richard"]
[Result "1-0"]
[WhiteElo "2347"]
[BlackElo "2093"]
[PlyCount "91"]
[EventDate "2003.12.06"]
[EventType "swiss"]
[EventRounds "9"]
[EventCountry "PER"]
[SourceTitle "EXT 2005"]
[Source "ChessBase"]
[SourceDate "2004.11.15"]
[SourceVersion "1"]
[SourceVersionDate "2004.11.15"]
[SourceQuality "1"]

1. Nf3 c5 2. g3 Nc6 3. Bg2 g6 4. 0-0 Bg7 5. c4 e6 6. Nc3 Nge7 7. e4 d6 8. a3 0-0 9. Rb1 a5 10. Ne1 Nd4 11. b4 axb4 12. axb4 b6 13. e5 Ra7 14. exd6 Qxd6 15. Ne4 Qc7 16. d3 f5 17. bxc5 bxc5 18. Nc3 Bb7 19. Be3 Bxg2 20. Nxg2 Qc6 21. Bxd4 Bxd4 22. Nb5 Rd7 23. Nxd4 Rxd4 24. Re1 Qd6 25. Qe2 Rxd3 26. Qxe6+ Qxe6 27. Rxe6 Kf7 28. Re5 Rfd8 29. Ne3 h5 30. Rxc5 R3d4 31. Rb7 R8d7 32. Rxd7 Rxd7 33. Kg2 Ke6 34. h4 Rd4 35. Kf3 Rd2 36. Ra5 Rd6 37. Kf4 Kf6 38. Nd5+ Nxd5+ 39. Rxd5 Ra6 40. c5 Ra4+ 41. Ke3 Rg4 42. Rd4 Ke5 43. Rxg4 hxg4 44. c6 Kd6 45. Kf4 Kxc6 46. Kg5 1-0

[Event "Santiago CC Aj Talcahuano-A"]
[Site "Santiago de Chile"]
[Date "2003.08.??"]
[Round "?"]
[White "Castro, Ernesto"]
[Black "Toloza Soto, Pablo Alejandro"]
[Result "0-1"]
[WhiteElo "2116"]
[BlackElo "2374"]
[PlyCount "68"]
[EventDate "2003.08.??"]
[EventType "tourn"]
[EventRounds "11"]
[EventCountry "CHI"]
[EventCategory "3"]
[SourceTitle "EXT 2009"]
[Source "ChessBase"]
[SourceDate "2008.11.26"]
[SourceVersion "1"]
[SourceVersionDate "2008.11.26"]
[SourceQuality "1"]

1. d4 d5 2. c4 Nc6 3. cxd5 Qxd5 4. e3 e5 5. Nc3 Bb4 6. Bd2 Bxc3 7. bxc3 Nf6 8. Qf3 Qd6 9. Qg3 0-0 10. Bd3 Re8 11. Ne2 Bg4 12. f3 Bh5 13. e4 Rad8 14. d5 Bg6 15. c4 Nb4 16. Bb1 c6 17. 0-0 Na6 18. Qf2 Qb8 19. Be3 b6 20. Nc3 Qc8 21. Bg5 cxd5 22. Nxd5 Rd6 23. Bxf6 gxf6 24. f4 Qxc4 25. f5 Bh5 26. Qg3+ Kh8 27. Bd3 Qd4+ 28. Kh1 Nc5 29. Bb5 Rg8 30. Qh4 Qxe4 31. Qxe4 Nxe4 32. Ne7 Rgd8 33. Nc6 Ra8 34. Kg1 Nc3 0-1